| 000 | 00935nam a22002777a 4500 | ||
|---|---|---|---|
| 003 | CHAP | ||
| 005 | 20220329140037.0 | ||
| 008 | 971013s1976 r 10010 d | ||
| 010 | _a46105 | ||
| 011 | _a47077 | ||
| 035 | _a51218 | ||
| 040 | _cCHAP | ||
| 090 | _aFolleto 11016 | ||
| 111 | 0 | 0 |
_aReunión de Profesores de Zootecnia de las Escuelas Superiores de Agricultura y Ganadería ( _n1 _d: 1976 _c: Hermosillo, Son) _996334 |
| 245 | _aMemoria | ||
| 260 |
_aHermosillo, Son. : _bAsociación Mexicana de Educación Agrícola Superior, _c1976 |
||
| 300 | _a32 p. | ||
| 590 |
_aBATCH-UPD _b10 _c20130110 _lUCH01 _h1911 |
||
| 590 |
_aBATCH-UPD _b10 _c20130410 _lUCH01 _h1238 |
||
| 590 |
_aBATCH-UPD _b10 _c20130914 _lUCH01 _h1459 |
||
| 590 |
_aCONVERSION _b10 _c20130109 _lUCH01 _h1325 |
||
| 650 | 1 | 4 |
_aGanadería _xEstudio y enseñanza. _944733 |
| 901 | _aBK | ||
| 942 | _cFOLL | ||
| 949 |
_aFolleto 11016 _bBC _cFOLL _d-114718 _eTS1 _i51218 _si |
||
| 999 |
_c46105 _d46105 |
||